Entrepreneurship Development and Management (Record no. 11528)

MARC details
000 -LEADER
fixed length control field 00422nam a22001817a 4500
003 - CONTROL NUMBER IDENTIFIER
control field OSt
008 - FIXED-LENGTH DATA ELEMENTS--GENERAL INFORMATION
fixed length control field 220910b ||||| |||| 00| 0 eng d
020 ## - INTERNATIONAL STANDARD BOOK NUMBER
International Standard Book Number 9788194752899
082 ## - DEWEY DECIMAL CLASSIFICATION NUMBER
Classification number 658.421 SHE
100 ## - MAIN ENTRY--PERSONAL NAME
Personal name SHARMA,ML
245 ## - TITLE STATEMENT
Title Entrepreneurship Development and Management
250 ## - EDITION STATEMENT
Edition statement 1st
260 ## - PUBLICATION, DISTRIBUTION, ETC. (IMPRINT)
Place of publication, distribution, etc New Delhi
Name of publisher, distributor, etc Khanna
Date of publication, distribution, etc 2021
300 ## - PHYSICAL DESCRIPTION
Extent 225
650 ## - SUBJECT ADDED ENTRY--TOPICAL TERM
Topical term or geographic name as entry element ME
700 ## - ADDED ENTRY--PERSONAL NAME
Personal name SHARMA,Neelam
942 ## - ADDED ENTRY ELEMENTS (KOHA)
Source of classification or shelving scheme Dewey Decimal Classification
Koha item type Text Books
Holdings
Withdrawn status Lost status Source of classification or shelving scheme Damaged status Not for loan Collection code Home library Current library Date acquired Source of acquisition Currency Cost, normal purchase price Bill Number Total Checkouts Full call number Acc. no. / Barcode Date last seen Actual Cost, discounted price Bill Date Koha item type
    Dewey Decimal Classification     B.Tech(ME) PIET C-LIBRARY PIET C-LIBRARY 02/09/2022 Kirti Praskshan IN Rupees 189.00 IN900   658.421 SHE 33952 10/09/2022 141.75 02/09/2022 Text Books
    Dewey Decimal Classification     B.Tech(ME) PIET C-LIBRARY PIET C-LIBRARY 02/09/2022 Kirti Praskshan IN Rupees 189.00 IN900   658.421 SHE 33953 10/09/2022 141.75 02/09/2022 Text Books
    Dewey Decimal Classification     B.Tech(ME) PIET C-LIBRARY PIET C-LIBRARY 02/09/2022 Kirti Praskshan IN Rupees 189.00 IN900   658.421 SHE 33954 10/09/2022 141.75 02/09/2022 Text Books
    Dewey Decimal Classification     B.Tech(ME) PIET C-LIBRARY PIET C-LIBRARY 02/09/2022 Kirti Praskshan IN Rupees 189.00 IN900   658.421 SHE 33955 10/09/2022 141.75 02/09/2022 Text Books
    Dewey Decimal Classification     B.Tech(ME) PIET C-LIBRARY PIET C-LIBRARY 02/09/2022 Kirti Praskshan IN Rupees 189.00 IN900   658.421 SHE 33956 10/09/2022 141.75 02/09/2022 Text Books

Design & Developed by: PIET Central Library
R70 Miles Stone Pattikalyana Samalkha Panipat 132102
mail ID :- [email protected], Phone No:- 0180-2569700 Ex.216